| 000 | 00435nam a2200157Ia 4500 | ||
|---|---|---|---|
| 008 | 140626s9999 xx 000 0 und d | ||
| 100 | _aPangilinan, Immaculate. | ||
| 245 |
_aRole of parental involvement in education / _cImmaculate Pangilinan. |
||
| 260 | _cc2012. | ||
| 300 | _a61 : 7, page 250 | ||
| 440 | _aThe Modern Teacher | ||
| 521 | _aSPED | ||
| 650 | _aEducation. | ||
| 650 | _aParental role/involvement. | ||
| 942 | _cSE | ||
| 999 |
_c120990 _d120990 |
||